| 000 | 00519nam a2200181Ia 4500 | ||
|---|---|---|---|
| 003 | OSt | ||
| 005 | 20240924145553.0 | ||
| 008 | 210210b1953 xxu||||| |||| 00| 0 eng d | ||
| 040 | _cAL | ||
| 041 | _akan | ||
| 082 | _a853/358 | ||
| 100 |
_aRAJARAV (Kaivar) _9161685 _dರಾಜರಾವ್ (ಕೈವಾರ) |
||
| 245 |
_aBuddhivantike: _bಬುದ್ಧಿವಂತಿಕೆ |
||
| 260 |
_aBengaluru _bSatyashodhana Prakatana Mandira _c1953 |
||
| 690 |
_aKannada Drama _9161686 |
||
| 906 | _a019634 | ||
| 942 |
_2ddc _cBK |
||
| 999 |
_c143768 _d143768 |
||